Statistics for Post Punk - Songs by Musical Act (Hard)

Click here to take the quiz!

General Stats

  • This quiz has been taken 5 times
  • The average score is 4 of 8

Answer Stats

HintAnswer% Correct
10.15 Saturday NightThe Cure
100%
ShadowplayJoy Division
80%
Just like honeyThe Jesus & The Mary Chain
60%
WintergardensKilling Joke
40%
Pink FlagWire
40%
Villiers TerraceEcho & The Bunnymen
20%
(A Song from) under the FloorboardsMagazine
20%
Young SavageUltravox
20%

Score Distribution

Percentile by Number Answered

Percent of People with Each Score

Your Score History

You have not taken this quiz